[Event "Kostroma Volga Cup op"]
[Site "Kostroma"]
[Date "2010.07.??"]
[Round "6"]
[White "Arbuzov, Ivan"]
[Black "Malyshev, Roman"]
[Result "1/2-1/2"]
[WhiteElo "1940"]
[BlackElo "2114"]
[PlyCount "87"]
[EventDate "2010.07.??"]
[EventType "swiss"]
[EventRounds "9"]
[EventCountry "RUS"]
[SourceTitle "EXT 2011"]
[Source "ChessBase"]
[SourceDate "2010.11.26"]
[SourceVersion "1"]
[SourceVersionDate "2010.11.26"]
[SourceQuality "1"]

1. d4 d5 2. c4 c6 3. Nc3 Nf6 4. e3 e6 5. Nf3 Nbd7 6. Qc2 Bd6 7. b3 0-0 8. Be2 e5 9. Bb2 e4 10. Nd2 a6 11. c5 Bc7 12. 0-0-0 b6 13. cxb6 Nxb6 14. Kb1 Qe7 15. a3 Bd7 16. Ka2 Rfb8 17. h3 Bd6 18. g4 Ne8 19. f3 exf3 20. Bd3 Qxe3 21. Rde1 Qh6 22. Nxf3 g6 23. Qg2 Nc7 24. h4 Qf4 25. Reg1 Nb5 26. Nb1 Qe3 27. Bc2 a5 28. a4 Nc7 29. Bc1 Qe8 30. h5 Na6 31. Bd2 Nb4+ 32. Bxb4 axb4 33. hxg6 fxg6 34. Ng5 Nxa4 35. bxa4 b3+ 36. Bxb3 Qe3 37. Qf3 Qxg5 38. Rxh7 Rf8 39. Qh3 Rf2+ 40. Ka1 Rh2 41. Rh8+ Kg7 42. Rh7+ Kg8 43. Rh8+ Kg7 44. Rh7+ 1/2-1/2

[Event "Kostroma Volga Cup op"]
[Site "Kostroma"]
[Date "2010.07.??"]
[Round "1"]
[White "Malyshev, Roman"]
[Black "Karachinskaya, Elizaveta"]
[Result "1-0"]
[WhiteElo "2114"]
[BlackElo "1560"]
[PlyCount "63"]
[EventDate "2010.07.??"]
[EventType "swiss"]
[EventRounds "9"]
[EventCountry "RUS"]
[SourceTitle "EXT 2011"]
[Source "ChessBase"]
[SourceDate "2010.11.26"]
[SourceVersion "1"]
[SourceVersionDate "2010.11.26"]
[SourceQuality "1"]

1. d4 d5 2. c4 e6 3. Nc3 Nf6 4. Bg5 Be7 5. e3 0-0 6. Bd3 Nbd7 7. Nf3 dxc4 8. Bxc4 c5 9. 0-0 cxd4 10. Nxd4 Ne5 11. Bb3 Bd7 12. Qe2 Qc7 13. Bf4 Qa5 14. Ndb5 Nc6 15. Rfd1 a6 16. Nd6 Bxd6 17. Bxd6 Rfd8 18. Bc2 Qh5 19. Qxh5 Nxh5 20. Bc7 Be8 21. Bxd8 Rxd8 22. Be4 Rc8 23. Rac1 Nf6 24. Bf3 Kf8 25. Ne4 Nxe4 26. Bxe4 h6 27. g4 Ke7 28. h4 g6 29. g5 h5 30. Rd3 Rd8 31. Rb3 Rb8 32. Bxc6 1-0

[Event "Kostroma Volga Cup op"]
[Site "Kostroma"]
[Date "2010.07.??"]
[Round "2"]
[White "Malyshev, Roman"]
[Black "Mishuchkov, Nikolai Mikhailovic"]
[Result "1/2-1/2"]
[WhiteElo "2114"]
[BlackElo "2392"]
[PlyCount "59"]
[EventDate "2010.07.??"]
[EventType "swiss"]
[EventRounds "9"]
[EventCountry "RUS"]
[SourceTitle "EXT 2011"]
[Source "ChessBase"]
[SourceDate "2010.11.26"]
[SourceVersion "1"]
[SourceVersionDate "2010.11.26"]
[SourceQuality "1"]

1. d4 d6 2. e4 g6 3. Nf3 Bg7 4. Bd3 Nc6 5. c3 Nf6 6. h3 e5 7. 0-0 0-0 8. Be3 Nh5 9. Re1 Nf4 10. Bf1 h6 11. Nbd2 g5 12. dxe5 dxe5 13. Bxf4 exf4 14. Nb3 Qe7 15. Qc2 Rd8 16. Rad1 Be6 17. Nbd4 Nxd4 18. Nxd4 a5 19. a3 c6 20. Nxe6 Qxe6 21. f3 Bf8 22. Rxd8 Rxd8 23. Rd1 Rxd1 24. Qxd1 Qe5 25. Kh1 Qc5 26. a4 Qe3 27. Qe2 Qc1 28. Kh2 Bc5 29. e5 Kf8 30. e6 1/2-1/2

[Event "RUS IPCA-ch"]
[Site "Adler"]
[Date "2009.10.09"]
[Round "?"]
[White "Obodchuk, Andrei"]
[Black "Malyshev, Roman"]
[Result "1-0"]
[WhiteElo "2391"]
[BlackElo "2177"]
[PlyCount "83"]
[EventDate "2009.10.07"]
[EventType "swiss"]
[EventRounds "9"]
[EventCountry "RUS"]
[SourceTitle "EXT 2023"]
[Source "ChessBase"]
[SourceDate "2022.10.05"]
[SourceVersion "1"]
[SourceVersionDate "2022.10.05"]
[SourceQuality "1"]

1. e4 c5 2. Nf3 Nc6 3. Bb5 Nf6 4. Nc3 g6 5. Bxc6 dxc6 6. h3 Bg7 7. d3 0-0 8. Be3 b6 9. Qd2 e5 10. Bh6 Qe7 11. Bxg7 Kxg7 12. g4 a5 13. Ne2 b5 14. Ng3 Re8 15. a4 c4 16. dxc4 bxc4 17. Qc3 Qb4 18. Nd2 Ba6 19. 0-0 Rad8 20. Rfd1 Nd7 21. Ngf1 Nc5 22. Ne3 Rd4 23. Qxb4 axb4 24. c3 bxc3 25. bxc3 Rd3 26. Ndxc4 Rxc3 27. Nd6 Re6 28. a5 Nd3 29. Ndc4 Nf4 30. Ra3 Nxh3+ 31. Kg2 Nf4+ 32. Kh2 Rxa3 33. Nxa3 c5 34. Rd7 Nd3 35. Kg3 Nb4 36. Nac4 h6 37. Nd6 Kg8 38. Nxf7 c4 39. Nd5 Nc6 40. Nxh6+ Kh8 41. Nf7+ Kg8 42. Ng5 1-0

[Event "Moscow op-B 04th"]
[Site "Moscow"]
[Date "2008.02.06"]
[Round "5"]
[White "Nikitin, Aleksander I"]
[Black "Malyshev, Roman"]
[Result "1-0"]
[WhiteElo "2104"]
[BlackElo "2154"]
[PlyCount "51"]
[EventDate "2008.02.02"]
[EventType "swiss"]
[EventRounds "9"]
[EventCountry "RUS"]
[SourceTitle "CBM 122 Extra"]
[Source "ChessBase"]
[SourceDate "2008.03.04"]
[SourceVersion "1"]
[SourceVersionDate "2008.03.04"]
[SourceQuality "1"]

1. e4 d6 2. d4 g6 3. Nc3 Nf6 4. f3 Bg7 5. Be3 e5 6. d5 a6 7. Qd2 h6 8. Bd3 Nbd7 9. a4 Qe7 10. Nge2 Nb8 11. 0-0 c5 12. dxc6 Nxc6 13. Bc4 Na5 14. Ba2 Qc7 15. b4 Nc6 16. Rab1 Nd8 17. b5 Be6 18. Bxe6 Nxe6 19. Rfd1 Ke7 20. bxa6 bxa6 21. Rb6 Rhd8 22. Rdb1 Rab8 23. Rxb8 Rxb8 24. Rxb8 Qxb8 25. Bxh6 Bxh6 26. Qxh6 1-0